| 000 | 00785nam a22002292 4500 | ||
|---|---|---|---|
| 001 | 0000005932 | ||
| 005 | 20151217155829.0 | ||
| 008 | 070810s xx 000 0 eng d | ||
| 020 |
_a082135146X : _cKES 550 |
||
| 040 |
_aKABU _cKABU |
||
| 050 | 0 |
_aHC800 _b.Z9E5B85 |
|
| 245 | 1 | 0 |
_aBuilding a sustainable future : _bthe Africa region environment strategy. |
| 260 |
_aWashington, DC : _bWorld Bank, _c2002. |
||
| 300 | _aix, 126 p. | ||
| 610 | 2 | 0 |
_aWorld Bank _zAfrica. _@0000150142 |
| 650 | 0 |
_aSustainable development _zAfrica. _@0000150040 |
|
| 650 | 0 |
_aEnvironmental policy _xEconomic aspects _zAfrica. _@0000157241 |
|
| 650 | 0 |
_aNatural resources _zAfrica. _xManagement. _@0000151131 |
|
| 908 | _a070810 | ||
| 950 | _@1 | ||
| 999 |
_c13001 _d13001 |
||